Blockchain technologie v průmyslu 4.0
Definícia termínu priemysel 4.0., Blockchain databáza a internet vecí. Kryptomeny ako základný hýbateľ modernizácie v tomto odvetví.
Uložené v:
| Hlavný autor: | |
|---|---|
| Médium: | Kapitola |
| Jazyk: | Slovak |
| Predmet: | |
| Tagy: |
Žiadne tagy, Buďte prvý, kto otaguje tento záznam!
|
MARC
| LEADER | 00000naa$a2200000$$$4500 | ||
|---|---|---|---|
| 001 | 0250989 | ||
| 005 | 20240502074026.3 | ||
| 041 | 0 | |a slo | |
| 044 | |a SK | ||
| 245 | 1 | 0 | |a Blockchain technologie v průmyslu 4.0 |c Michal Hanák |
| 520 | |a Definícia termínu priemysel 4.0., Blockchain databáza a internet vecí. Kryptomeny ako základný hýbateľ modernizácie v tomto odvetví. | ||
| 610 | 2 | 0 | |a mena virtuálna |
| 610 | 2 | 0 | |a technológie nové |
| 610 | 2 | 0 | |a priemysel 4.0 |
| 610 | 2 | 0 | |a revolúcia |
| 100 | 1 | |a Hanák, Michal | |